[Event "Rheinhausen-ch 13th"]
[Site "Duisburg Rheinhausen"]
[Date "2009.03.13"]
[Round "6"]
[White "Hermanns, Ulli"]
[Black "Junker, Bernd"]
[Result "1-0"]
[WhiteElo "2017"]
[BlackElo "1666"]
[PlyCount "45"]
[EventDate "2009.01.09"]
[EventType "swiss"]
[EventRounds "7"]
[EventCountry "GER"]
[SourceTitle "EXT 2018"]
[Source "ChessBase"]
[SourceDate "2017.10.13"]
[SourceVersion "1"]
[SourceVersionDate "2017.10.13"]
[SourceQuality "1"]

1. e4 e6 2. d4 d5 3. Nc3 dxe4 4. Nxe4 Be7 5. Nf3 Nf6 6. Nxf6+ Bxf6 7. c3 Nd7 8. Bc4 0-0 9. 0-0 c5 10. Be3 cxd4 11. Nxd4 Nb6 12. Bb3 Nd5 13. Qf3 Nxe3 14. fxe3 Qb6 15. Rae1 Bxd4 16. exd4 Bd7 17. Re3 Bc6 18. Qh5 Qb5 19. Qh4 f5 20. Bxe6+ Kh8 21. Rh3 h6 22. Qg5 Rf6 23. Rxf5 1-0